000 00411nam a2200181Ia 4500
001 8913
005 20260306160645.0
008 260306t2000||||xx |||||||||||||| ||spa||
041 _aESP
082 _a371.9144
_bS56
100 _aSimpson, Eileen
_eAUT
245 0 _aVencer la dislexia
260 _c2000
300 _a320 páginas :
_c22 cm.
650 _aGEN
654 _aCED
942 _cLIB
_dJUS
_fJUS
_2ddc
_n
999 _c8913
_d8913